MARC details
| 000 -LEADER |
| fixed length control field |
01992nam a22003497a 4500 |
| 001 - CONTROL NUMBER |
| control field |
103570 |
| 003 - CONTROL NUMBER IDENTIFIER |
| control field |
KnowledgeUnlatched |
| 005 - DATE AND TIME OF LATEST TRANSACTION |
| control field |
20210303105136.0 |
| 006 - FIXED-LENGTH DATA ELEMENTS--ADDITIONAL MATERIAL CHARACTERISTICS |
| fixed length control field |
m o d |
| 007 - PHYSICAL DESCRIPTION FIXED FIELD--GENERAL INFORMATION |
| fixed length control field |
cr u|||||||||| |
| 008 - FIXED-LENGTH DATA ELEMENTS--GENERAL INFORMATION |
| fixed length control field |
210129p20112019xx o u00| u ger d |
| 037 ## - SOURCE OF ACQUISITION |
| Institution to which field applies |
BiblioBoard |
| 020 ## - INTERNATIONAL STANDARD BOOK NUMBER |
| International Standard Book Number |
9783110922165 |
| 029 1# - OTHER SYSTEM CONTROL NUMBER (OCLC) |
| OCLC library identifier |
https://library.biblioboard.com/ext/api/media/06bc34b2-8fcf-4440-b114-0f80c7e44169/assets/thumbnail.jpg |
| 040 ## - CATALOGING SOURCE |
| Original cataloging agency |
ScCtBLL |
| Transcribing agency |
ScCtBLL |
| 100 1# - MAIN ENTRY--PERSONAL NAME |
| Personal name |
Rother, Bernd |
| Relator term |
author. |
| 245 00 - TITLE STATEMENT |
| Title |
Spanien und der Holocaust |
| Statement of responsibility, etc. |
Bernd Rother. |
| 264 #1 - PRODUCTION, PUBLICATION, DISTRIBUTION, MANUFACTURE, AND COPYRIGHT NOTICE |
| Name of producer, publisher, distributor, manufacturer |
Max Niemeyer Verlag, |
| 300 ## - PHYSICAL DESCRIPTION |
| Extent |
1 online resource (368 p.) |
| 506 0# - RESTRICTIONS ON ACCESS NOTE |
| Terms governing access |
Access copy available to the general public. |
| Standardized terminology for access restriction |
Unrestricted |
| Source of term |
star |
| 520 ## - SUMMARY, ETC. |
| Summary, etc. |
Während des Zweiten Weltkriegs lebten etwa 4.500 Juden spanischer Staatsangehörigkeit im deutschen Machtbereich. Wie die Franco-Regierung auf deren Diskriminierung und Verfolgung reagierte, ist das Thema der Arbeit, die erstmals alle relevanten spanischen und deutschen Quellen auswertet. Im Zentrum steht die ""Heimschaffungsaktion"", in der die deutsche Regierung eine Reihe neutraler und verbündeter Staaten ultimativ zur Repatriierung ihrer Juden aufforderte andernfalls würden sie in die Deportationen einbezogen werden. Spanien war jedoch nur zögerlich zur Aufnahme seiner Juden bereit. |
| 588 0# - SOURCE OF DESCRIPTION NOTE |
| Source of description note |
Description based on print version record. |
| 590 ## - LOCAL NOTE (RLIN) |
| Local note |
Kollektion FID Jüdische Studien / Collection FID Jewish Studies |
| 650 #7 - SUBJECT ADDED ENTRY--TOPICAL TERM |
| Topical term or geographic name entry element |
Literary Collections |
| Source of heading or term |
bisacsh |
| 655 #7 - INDEX TERM--GENRE/FORM |
| Genre/form data or focus term |
Anthologies |
| Source of term |
lcgft |
| 655 #0 - INDEX TERM--GENRE/FORM |
| Genre/form data or focus term |
Electronic books. |
| 758 ## - |
| -- |
Is found in: |
| -- |
Knowledge Unlatched |
| -- |
https://openresearchlibrary.org/module/2774bc74-146a-484f-a7ba-ab1d6a09bbfb |
| 856 40 - ELECTRONIC LOCATION AND ACCESS |
| Uniform Resource Identifier |
<a href="https://openresearchlibrary.org/content/06bc34b2-8fcf-4440-b114-0f80c7e44169">https://openresearchlibrary.org/content/06bc34b2-8fcf-4440-b114-0f80c7e44169</a> |
| Public note |
View this content on Open Research Library. |
| -- |
0 |